00657nam a2200241 a 4500001001300000003000900013005001700022008004100039020001000080082001300090100002000103245003300123260003200156300000800188500003500196505002800231650001300259700002000272902000800292942000700300952009300307999001500400nice12345678IN_TiNIC20260116011651.0050524s1929 teha grp 000 0 per  ac10000a200bLEV aLevonian, Lotfi aNafuz-I-Mazhab Der Kuja Ast. aTehranbBrukhim Pressc1929 a21p aincludes index and biblioraphy2 aHand Written Manuscript aReligion1 aLevonian, Lotfi bSRS cBK 00104070aHMIbHMId2007-03-19g100.00l0o200 LEVp5011r2007-03-19w2026-01-16yARB c3266d3266